Êtes vous incollable sur les titres de... Francis Cabrel ? - Statistiques

Statistiques générales
  • Ce quiz a été pris 210 fois
  • Le résultat moyen est 7 sur 10
Answers on the Grid
Answers color-coded by a green-red scale on the quiz's grid according to % correct below.
Je l'aime à mourir
Je t'aimais, je t'aime, je t'aimerai
Elle a les yeux revolver
La Corrida
Trèfle
Petite Marie
La Montagne
Emmenez-moi
Encore et encore
L'Encre de tes yeux
Les murs de poussière
Le Chanteur
Le Danseur
Des gens formidables
Toulouse, ma belle
L'amour toujours
 
Statistiques - réponses
Réponse % Correct
Je t'aimais, je t'aime, je t'aimerai
97%
Je l'aime à mourir
95%
La Corrida
94%
Petite Marie
93%
Encore et encore
92%
L'Encre de tes yeux
89%
Les murs de poussière
85%
Des gens formidables
33%
Trèfle
33%
Le Danseur
26%
Aucun quiz correspondant
Distribution des résultats
% des personnes avec chaque résultat
Percentile par nombre de réponses
Votre historique - résultats
Vous n’avez pas pris ce quiz